Personnages du Petit Nicolas par images - Statistiques

Statistiques générales
  • Ce quiz a été pris 251 fois
  • Le résultat moyen est 5 sur 10
Statistiques - réponses
Par images Hint Réponse % Correct
« C'est chouette ! » Nicolas
99%
« C'est mon meilleur copain, un gros qui mange tout le temps. » Alceste
74%
« C'est le premier de la classe et le chouchou de la maîtresse, nous on ne l'aime pas trop. » Agnan
70%
« C'est le dernier de la classe. Quand la maîtresse l'interroge, il est toujours privé de récré. » Clotaire
63%
« Il est très fort et il aime bien donner des coups de poing sur le nez des copains. » Eudes
55%
« Il a un papa très riche qui
lui achète tout ce qu'il veut. »
Geoffroy
49%
« Il a un sifflet à roulette et son papa est policier. » Rufus
46%
« ______ est très chouette, je crois que l'on va se marier plus tard. » Marie-Edwige
32%
« Il aime beaucoup jouer aux billes. Et il faut dire qu'il joue très bien; quand il tire, bing! il ne rate presque jamais. » Joachim
26%
« Elle est chouette, ______. Elle a un shoot terrible ! » Louisette
18%
Aucun quiz correspondant
Distribution des résultats
% des personnes avec chaque résultat
Percentile par nombre de réponses
Votre historique - résultats
Vous n’avez pas pris ce quiz